000 00770nam a2200253 4500
008
049 _aMAIN
090 _aGF47
_bMOR
100 1 0 _aMoran, Joseph M.
245 1 3 _aAn introduction to environmental sciences
_c[by] Joseph M. Moran, Michael D. Morgan [and] James H. Wiersma.
260 0 _aBoston :
_bLittle, Brown
_c[1973]
300 _ax, 389 p. :
_bill.;
_c24 cm.
504 _aIncludes bibliographiecal references.
650 0 _aHuman ecology.
650 0 _aPollution.
650 0 _aEnvironmental protection.
700 _aWiersa, James H
700 _aMorgen, Michael D
907 _a.b10356770
_b15-04-15
_c15-04-15
003
005 20230123122138.0
040 _cNUST
942 _cBOOKS
_kGF47
_mMOR
999 _c128593
_d128593